| 000 | 01708nam a2200313 a 4500 | ||
|---|---|---|---|
| 001 | BRCA_2454 | ||
| 005 | 20190320203822.0 | ||
| 008 | 181108s1825----fr-#---###---#000-0dspa-u | ||
| 041 | _aspa | ||
| 044 | _afr | ||
| 084 |
_a094 _b.B38 _c1825 |
||
| 100 | 1 |
_aCervantes Saavedra, Miguel de _d1547-1616 _9213 |
|
| 245 | 1 | 0 |
_aEl Ingenioso Hidalgo Don Quijote de la Mancha _cpor Miguel de Cervantes Saavedra. |
| 260 |
_aParís _bBaudry et Teof. Barrois _c1825 |
||
| 300 |
_a6 v. _c12 cm. |
||
| 440 | 0 |
_aColección de las mejores obras escritas en lengua española _97155 |
|
| 500 | _aContenido : v 1. Primera parte. Retrato de Cervantes. Vida de Cervantes por V. de los Ríos. Dedicatoria. Prólogo del autor. Versos preliminares. Texto. -- v 2. Texto. -- v 3. Texto. -- v 4. Segunda parte. Dedicatoria del autor. Texto -- v 5. Texto. -- v 6. Texto | ||
| 500 | _aPreciosa edición impresa en tipos pequeños, pero muy claros. Contiene Vida de Cervantes, escrita por Ríos. Retrato del autor dibujado por Deveria. Excepto en ligeras variantes, sigue el texto de la edición académica de 1782, pero suprime el prólogo de la segunda parte. Lindo ejemplar. Piel, lomeras y planos adornados con filetes dorados Lúdovik Osterc | ||
| 500 | _aCon ex-libris de : H. Remsen Whitehouse | ||
| 500 | _aQMB76 | ||
| 650 | 1 | 4 |
_aNovela española _yÉpoca clásica, 1500-1700 _9215 |
| 650 | 1 | 4 |
_aLiteratura española _yÉpoca clásica, 1500-1700 _9216 |
| 650 | 1 | 4 |
_aNovela española _ySiglo XVII _9217 |
| 650 | 1 | 4 |
_aDon Quijote (Personaje ficticio) _eNovela _9218 |
| 700 | 1 |
_aRíos, Vicente de los _d1732-1779 _eBiógrafo _97156 |
|
| 740 | 0 | _aEl Ingenioso Hidalgo Don Quijote de la Mancha | |
| 902 | _aQFM | ||
| 942 |
_2lcc _cB |
||
| 999 |
_c2195 _d2195 |
||